000 00521nam a2200205Ia 4500
003 OSt
005 20230505162200.0
008 210423s2006 xx 000 0 und d
020 _a80534667
040 _cAL
041 _aeng
082 _a575.1
_223
_bRUSP
100 _aRUSSELL (Peter J).
_999160
245 _aGenetics: a molecular approach.
260 _aUSA
_bPearson Education Pvt Ltd
_c2006
300 _axxi,842
_bPB
365 _b6194
_cINR
906 _aapproach ; Genetics ; molecular
942 _2ddc
_cBK
999 _c163704
_d163704